| 000 | 022630000a22002170004500 | ||
|---|---|---|---|
| 020 |
_a978-958-665-126-4 : _48.000 |
||
| 041 | 0 | _aSpa. | |
| 082 | 0 | 4 | _aG 261.8 Z22r |
| 245 | 1 | 0 | _a¿El reino de Dios es de este mundo? : el papel ambiguo de las religiones en la lucha contra la pobreza / Compilado por Genaro Zalpa y Hans Egil Offerdal |
| 260 | _aBogotá : Siglo del Hombre Editores ; Argentina : Claso | ||
| 300 | _a368 p. | ||
| 501 | _aEncuadernado en rústico con pasta flexible. | ||
| 505 | 0 | 0 | _aI. Religión, pobreza y justicia social: una visión teológica.--La opción por los pobres: análisis critico de sus posibilidades y limitaciones en un mundo globalizado / Carlos David Castro-Gómez -- Pobreza, desarrollo y espiritualidad en experiencias religiosas pentecostales... / Rita María Ceballos \ II. Religión, pobreza y justicia y sociedad: una visión cultural -- Entre el dolor de la pobreza real y el gozo de la pobreza espiritual. / Paulo Coto Murillo y Moisés Salgado Ramírez -- Un análisis sobre el movimiento Rastafari en Cuba / María Agustina Larrañaga -- Entre las cosas de Dios y las preocupaciones terrenales: el camino contradictorio hacia la santidad en la "Iglesia de la luz del mundo" \ III. Religión, pobreza y justicia y sociedad: una visión sociopolítica -- La caridad y la limosna: ¿estrategias pastorales de erradicación o de reproducción de la pobreza? / Claudia Barrientos -- El papel de la iglesia católica en la reivindicación de los derechos de los pobres / ana Gabriela Contreras García -- Evangélicos y pobreza. Reflexiones a partir del estudio de la acción social de las iglesias evangélicas en Colombia / Fabio Lozano -- La discriminación laboral de las minorías religiosas en Mexico / Jorge E. Horbath. |
| 600 | 1 | 4 | _aZalpa, Genaro , comp. \ ; Egil Offerdal, Hans , Comp. |
| 650 | 1 | 4 | _aPOBREZA - AMERICA LATINA \ POBREZA \ SERVICIO SOCIAL RELIGIOSO - AMERICA LATINA \ POBRES \ IGLESIA Y PROBLEMAS MUNDIALES - AMERICA LATINA \ SOCIOLOGIA CRISTIANA - AMERICA LATINA \ CRISTIANISMO Y ECONOMIA - AMERICA LATINA \ CONDICION SOCIAL - AMERICA LATINA |
| 001 | 2508 | ||
| 942 | _cBK | ||
| 999 |
_c33336 _d33336 |
||
| 336 |
_atexto _btxt _2rdacontent |
||
| 337 |
_2rdamedia _asin mediación _bn |
||
| 338 |
_2rdacarrier _avolumen _bnc |
||